Statistiques concernant Filmographie d'Alain Chabat

Cliquez ici pour prendre le quiz!

Statistiques générales

  • Ce quiz a été pris 32 fois
  • Le résultat moyen est 7 sur 52

Statistiques - réponses

Années 1990% Correct
DIdier
81%
La Cité de la peur
75%
Gazon maudit
41%
Prête-moi ta main
41%
RRRrrrr!!!
41%
Santa et Cie
31%
Le Goût des autres
28%
Réalité
22%
Les Gamins
19%
Chouchou
16%
Incroyable mais vrai
16%
#Jesuislà
16%
La Nuit au musée 2
16%
La Personne aux deux personnes
13%
La Science des Rêves
13%
Le Cousin
13%
Papa
13%
Turf
13%
Fumer fait tousser
9%
Ils se marièrent et eurent beaucoup d'enfants
9%
Play
9%
15 ans et demi
6%
À la folie
6%
Au poste !
6%
Bricol'Girls
6%
Casablanca Driver
6%
Delphine 1, Yvan 0
6%
Kaamelott : Premier Volet
6%
La Guerre des boutons
6%
L'Écume des jours
6%
Les Clefs de bagnole
6%
Le Siffleur
6%
Mais qui a tué Pamela Rose ?
6%
Parano
6%
Trafic d'influence
6%
Trésor
6%
Valérian et la Cité des mille planètes
6%
Baby Blood
3%
Beaumarchais, l'insolent
3%
Daaaaaalí !
3%
La Débandade
3%
Laisse tes mains sur mes hanches
3%
L'Amour ouf
3%
L'Art (délicat) de la séduction
3%
Mes amis
3%
Mille Mots
3%
Un monde à nous
3%
Astérix et Obélix : Mission Cléiopâtre
0%
Les Secrets professionnels du Dr Apfelglück
0%
One night of hypocrisy
0%
Pizza blob
0%
Sur la piste du Marsipulami
0%

Distribution des résultats

Percentile par nombre de réponses

% des personnes avec chaque résultat

Votre développement - résultats

Vous n’avez pas pris ce quiz